000 00607nam a2200193Ia 4500
003 GCL
008 140319s9999 xx 000 0 ara d
040 _aGCL /
_cGCL
082 0 4 _a811.009
_bا ش
100 1 _aاحمد سليمان الاحمد
245 1 0 _aالشعر الحديث بين التقليد والتجديد /
_cاحمد سليمان الاحمد
260 _a[S.N] :
_bالدار العربية للكتاب ،
_c1983
300 _a349 ص
490 _a
650 0 4 _aالشعر العربى
650 0 4 _aالعصر الحديث
650 0 4 _aتاريخ ونقد
942 _2ddc
_cBK
999 _c56156
_d56156